[Event "Online Olym Div2 D 2021"]
[Site "chess.com INT"]
[Date "2021.09.02"]
[Round "3.4"]
[Board "6"]
[White "Marais, Nina"]
[Black "Ortega Beltran, Ximena"]
[Result "0-1"]
[WhiteTitle "WCM"]
[WhiteElo "1697"]
[BlackElo "1724"]
[WhiteTeam "South Africa"]
[BlackTeam "Mexico"]
[WhiteFideId "14306883"]
[BlackFideId "5125090"]
[EventDate "2021.09.02"]
[EventType "team"]

1. d4 c5 2. d5 e6 3. c4 exd5 4. cxd5 d6 5. Nc3 Nf6 6. e4 g6 7. Nge2 Bg7 8. f3
O-O 9. Ng3 a6 10. a4 Nbd7 11. Be2 Ne5 12. O-O h5 13. h3 h4 14. Nh1 Nh5 15. f4
Ng3 16. Nxg3 hxg3 17. fxe5 Bxe5 18. Be3 Qh4 19. Bg4 f5 20. exf5 gxf5 21. Qf3 Bd7
22. Bh5 f4 23. Bxc5 dxc5 24. Bg4 Bd4+ 25. Rf2 Bxf2+ 26. Kf1 Bxg4 27. Qxg4+ Qxg4
28. hxg4 Rae8 29. d6 Bd4 30. Nd5 Re6 31. Ne7+ Kf7 32. Nf5 Rh8 33. d7 Rh1# 0-1

[Event "Online Olym Div2 D 2021"]
[Site "chess.com INT"]
[Date "2021.09.02"]
[Round "3.5"]
[Board "1"]
[White "Flores, Diego"]
[Black "Boulrens, Ala Eddine"]
[Result "1-0"]
[WhiteTitle "GM"]
[WhiteElo "2599"]
[BlackElo "2016"]
[WhiteTeam "Argentina"]
[BlackTeam "Algeria"]
[WhiteFideId "108049"]
[BlackFideId "7907559"]
[EventDate "2021.09.02"]
[EventType "team"]

1. c4 e5 2. Nc3 Nf6 3. Nf3 Nc6 4. a3 d6 5. e3 Be7 6. b4 O-O 7. Bb2 Bg4 8. h3 Bh5
9. d3 Bg6 10. Nh4 a5 11. b5 Nb8 12. Be2 Nbd7 13. O-O c6 14. Bf3 Qc7 15. Rc1 Rab8
16. g3 Rfe8 17. Bg2 Bf8 18. Nxg6 hxg6 19. Qc2 Nc5 20. Rfd1 Qd7 21. d4 exd4 22.
exd4 Ne6 23. d5 cxd5 24. Nxd5 Nxd5 25. Bxd5 Ng5 26. h4 Ne6 27. Re1 Nc7 28. Bf3
d5 29. Qd3 Rxe1+ 30. Rxe1 Rd8 31. Rd1 Bc5 32. Kg2 d4 33. Rh1 b6 34. h5 Qf5 35.
Be4 Qf6 36. hxg6 fxg6 37. Bxg6 Ne6 38. Rh5 Rf8 39. Bh7+ Kh8 40. Be4+ Kg8 41. Rf5
Qe7 42. Bd5 Kh8 43. Rh5+ Kg8 44. Qh7+ Kf7 45. Qf5+ Ke8 46. Qxe6 Qxe6 47. Bxe6 d3
48. f4 Ke7 49. Bg4 Rd8 50. Re5+ Kf7 51. Rd5 Rxd5 52. cxd5 1-0

[Event "Online Olym Div2 D 2021"]
[Site "chess.com INT"]
[Date "2021.09.02"]
[Round "3.5"]
[Board "2"]
[White "Achour, Mohamed Anis"]
[Black "Perez Ponsa, Federico"]
[Result "0-1"]
[BlackTitle "GM"]
[WhiteElo "2006"]
[BlackElo "2554"]
[WhiteTeam "Algeria"]
[BlackTeam "Argentina"]
[WhiteFideId "7904649"]
[BlackFideId "117927"]
[EventDate "2021.09.02"]
[EventType "team"]

1. d4 Nf6 2. Nf3 d5 3. Bf4 c5 4. e3 Nc6 5. Nc3 cxd4 6. exd4 Bg4 7. Be2 e6 8. O-O
Bxf3 9. Bxf3 Bd6 10. Qd2 Bxf4 11. Qxf4 Qb6 12. Ne2 Qxb2 13. Rfb1 Qxc2 14. Rxb7
O-O 15. Rc1 Qa4 16. g4 Na5 17. Rbc7 Qxa2 18. g5 Ne8 19. Nc3 Qa3 20. Nb5 Qb4 21.
R7c5 a6 22. Nc7 Nxc7 23. Rxc7 Nb3 24. Rd1 Qb8 25. Qd6 Ra7 26. Rc6 Qxd6 27. Rxd6
a5 28. Rb6 a4 29. Rb4 Rc8 30. Rb1 Nd2 31. Rb8 Nxf3+ 32. Kg2 Nh4+ 33. Kh3 Ra8 34.
Rxc8+ Rxc8 35. Kxh4 g6 36. Kg4 Rc4 37. Kf4 Rxd4+ 38. Ke5 Re4+ 39. Kd6 Kg7 40.
Rb7 Rg4 41. Ra7 Rxg5 42. Rxa4 Rf5 43. Ra2 d4 44. Rd2 Rd5+ 45. Kc6 d3 46. h4 h5
47. f3 Kf6 0-1

[Event "Online Olym Div2 D 2021"]
[Site "chess.com INT"]
[Date "2021.09.02"]
[Round "3.5"]
[Board "3"]
[White "Lujan, Carolina"]
[Black "Nassr, Manel"]
[Result "1-0"]
[WhiteTitle "IM"]
[BlackTitle "WCM"]
[WhiteElo "2340"]
[BlackElo "1578"]
[WhiteTeam "Argentina"]
[BlackTeam "Algeria"]
[WhiteFideId "109878"]
[BlackFideId "7911696"]
[EventDate "2021.09.02"]
[EventType "team"]

1. e4 e6 2. Qe2 Nc6 3. Nf3 Bc5 4. c3 Nf6 5. d4 Be7 6. e5 Nd5 7. c4 Nb6 8. Nc3 d6
9. Be3 dxe5 10. dxe5 O-O 11. Rd1 Bd7 12. Qc2 Nb4 13. Qb1 c5 14. a3 Nc6 15. Bd3
h6 16. O-O Qc7 17. Bf4 Nd4 18. Nxd4 cxd4 19. Ne2 Ba4 20. b3 Bc6 21. Nxd4 Bxa3
22. Qa2 Bc5 23. Bb1 Bxd4 24. Rxd4 Rfd8 25. Rxd8+ Rxd8 26. Qc2 g6 27. Re1 Kg7 28.
h4 Rd4 29. Qc1 h5 30. Bh6+ Kh7 31. Bf8 f5 32. exf6 Rxh4 33. Qh6+ Kg8 34. Qxg6+
Kxf8 35. Qh6+ Ke8 36. f7+ Kxf7 37. Qh7+ Kf6 38. Qxc7 Nd7 39. Qd8+ Kg7 40. Qxh4 1-0

[Event "Online Olym Div2 D 2021"]
[Site "chess.com INT"]
[Date "2021.09.02"]
[Round "3.5"]
[Board "4"]
[White "Belattar, Ines"]
[Black "Fernandez, Maria Florencia"]
[Result "0-1"]
[BlackTitle "WIM"]
[WhiteElo "1626"]
[BlackElo "2229"]
[WhiteTeam "Algeria"]
[BlackTeam "Argentina"]
[WhiteFideId "7910282"]
[BlackFideId "116459"]
[EventDate "2021.09.02"]
[EventType "team"]

1. d4 Nf6 2. c4 e6 3. Nc3 Bb4 4. f3 d5 5. a3 Bxc3+ 6. bxc3 O-O 7. cxd5 exd5 8.
e3 Re8 9. Bd3 Nbd7 10. Ne2 Nf8 11. O-O Ng6 12. Ng3 c5 13. Re1 Be6 14. Bd2 Qd7
15. Rb1 a6 16. a4 Re7 17. a5 Qc7 18. e4 dxe4 19. fxe4 c4 20. Bc2 Qxa5 21. Ra1
Qc7 22. e5 Nd5 23. Qf3 Qd7 24. Be4 Bg4 25. Qf2 Ree8 26. Nf5 Bxf5 27. Bxf5 Qe7
28. Qf3 Rad8 29. Be4 Qe6 30. Bg5 Nge7 31. Rf1 h6 32. Bd2 Rf8 33. Qg3 Ng6 34. Qf3
Kh8 35. Qh5 Nge7 36. Rf3 f5 37. Bxd5 Nxd5 38. Rh3 Qf7 39. Qxf7 Rxf7 40. Rf1 Re8
41. g4 f4 42. Rg3 g5 43. Rgf3 b5 44. h4 Kg7 45. hxg5 hxg5 46. Re1 Re6 47. Kg2
Kg8 48. Rh3 Rh7 49. Rf3 Reh6 50. e6 Rh2+ 51. Kg1 Rxd2 52. Rf2 Rxf2 53. Kxf2 Ne3
54. Kf3 Re7 55. d5 Nxd5 56. Re5 Nxc3 57. Rxg5+ Kh7 58. Re5 b4 59. Kxf4 Kg6 60.
Rg5+ Kf6 61. Re5 b3 62. g5+ Kg6 63. Ke3 b2 64. Kd2 b1=Q 65. Kxc3 Qa1+ 66. Kxc4
Qxe5 0-1

[Event "Online Olym Div2 D 2021"]
[Site "chess.com INT"]
[Date "2021.09.02"]
[Round "3.5"]
[Board "5"]
[White "Coro, Lucas"]
[Black "Djabri, Massinas"]
[Result "0-1"]
[WhiteTitle "IM"]
[BlackTitle "FM"]
[WhiteElo "2352"]
[BlackElo "2161"]
[WhiteTeam "Argentina"]
[BlackTeam "Algeria"]
[WhiteFideId "147222"]
[BlackFideId "7905726"]
[EventDate "2021.09.02"]
[EventType "team"]

1. e4 c5 2. Nf3 d6 3. Bb5+ Bd7 4. a4 Nf6 5. d3 e6 6. O-O Be7 7. Bf4 O-O 8. Nbd2
Bc6 9. Re1 a6 10. Bxc6 Nxc6 11. Nc4 d5 12. exd5 Nxd5 13. Bg3 b5 14. Nce5 Nxe5
15. Nxe5 b4 16. a5 Bf6 17. Nc4 Bd4 18. Be5 Bxe5 19. Rxe5 Qf6 20. Qd2 Rab8 21.
Rae1 Rfd8 22. R5e4 b3 23. c3 Ne7 24. Qe3 Nf5 25. Qf3 Rd5 26. Nb6 Rd6 27. Nc4 Rd5
28. Nb6 Rd6 29. Qd1 Rbd8 30. Qxb3 Rxd3 31. Qc4 Rd2 32. R4e2 Qg5 33. g3 h5 34.
Qe4 h4 35. Nc4 Rxe2 36. Qxe2 hxg3 37. hxg3 Nxg3 38. fxg3 Qxg3+ 39. Kf1 Rd5 40.
Ne5 f6 41. Nf3 Rh5 42. Qg2 Qf4 43. Rd1 e5 44. Ke2 e4 45. Rd8+ Kh7 0-1

[Event "Online Olym Div2 D 2021"]
[Site "chess.com INT"]
[Date "2021.09.02"]
[Round "3.5"]
[Board "6"]
[White "Boubendir, Nesrine"]
[Black "Francisco Guecamburu, Candela Be"]
[Result "0-1"]
[BlackTitle "WFM"]
[WhiteElo "1620"]
[BlackElo "2034"]
[WhiteTeam "Algeria"]
[BlackTeam "Argentina"]
[WhiteFideId "7904991"]
[BlackFideId "160911"]
[EventDate "2021.09.02"]
[EventType "team"]

1. e4 c5 2. Nf3 g6 3. d4 cxd4 4. Nxd4 Bg7 5. Nc3 Nc6 6. Be3 Nf6 7. Be2 O-O 8.
O-O d5 9. exd5 Nxd5 10. Nxd5 Qxd5 11. Nxc6 Qxc6 12. c3 e5 13. Qb3 Be6 14. Qb5
Qc7 15. Rfd1 f5 16. Bc5 Rfd8 17. Rxd8+ Rxd8 18. Bxa7 Qc6 19. Qxc6 bxc6 20. Be3
f4 21. Bc1 g5 22. a4 e4 23. a5 Bf8 24. b4 Bd6 25. Bb2 Bb3 26. Bd1 Bc4 27. Bc2 e3
28. fxe3 fxe3 29. Re1 Rf8 30. Be4 g4 31. Bxc6 e2 32. Bd5+ Bxd5 33. Rxe2 Bc4 34.
Re1 g3 35. hxg3 Bxg3 36. Rb1 Rf5 37. Ra1 Bf2+ 38. Kh2 Rh5# 0-1

[Event "Online Olym Div2 D 2021"]
[Site "chess.com INT"]
[Date "2021.09.03"]
[Round "4.1"]
[Board "1"]
[White "Tissir, Mohamed"]
[Black "Boulrens, Ala Eddine"]
[Result "0-1"]
[WhiteTitle "IM"]
[WhiteElo "2375"]
[BlackElo "2016"]
[WhiteTeam "Morocco"]
[BlackTeam "Algeria"]
[WhiteFideId "9000240"]
[BlackFideId "7907559"]
[EventDate "2021.09.02"]
[EventType "team"]

1. e4 c6 2. d4 d5 3. Nc3 dxe4 4. Nxe4 Bf5 5. Ng3 Bg6 6. Bc4 e6 7. N1e2 Bd6 8.
O-O Qc7 9. f4 Nf6 10. f5 exf5 11. Nxf5 Bxh2+ 12. Kh1 Bxf5 13. Rxf5 Bd6 14. Bg5
Nbd7 15. Qd3 O-O-O 16. Bxf7 h6 17. Bh4 Rhf8 18. Be6 Rde8 19. d5 Nxd5 20. Bxd5
Rxf5 21. Qxf5 cxd5 22. Nc3 Qc4 23. Bf2 Rf8 24. Qe6 Rxf2 25. Qxd6 Qh4+ 26. Kg1
Rf6 27. Qxd5 Qf2+ 28. Kh1 Rf4 29. Qg8+ Nf8 0-1

[Event "Online Olym Div2 D 2021"]
[Site "chess.com INT"]
[Date "2021.09.03"]
[Round "4.1"]
[Board "2"]
[White "Achour, Mohamed Anis"]
[Black "Ali, Sebbar"]
[Result "1/2-1/2"]
[BlackTitle "IM"]
[WhiteElo "2006"]
[BlackElo "2399"]
[WhiteTeam "Algeria"]
[BlackTeam "Morocco"]
[WhiteFideId "7904649"]
[BlackFideId "8100977"]
[EventDate "2021.09.02"]
[EventType "team"]

1. d4 Nf6 2. Bf4 g6 3. Nf3 Bg7 4. e3 O-O 5. h3 d6 6. Be2 b6 7. a4 a6 8. O-O Bb7
9. Bh2 Nbd7 10. c3 Re8 11. Nbd2 Ne4 12. Nxe4 Bxe4 13. Qb3 e6 14. Rfd1 Bb7 15. a5
Qe7 16. axb6 cxb6 17. Qa3 Bf8 18. c4 Rec8 19. b4 a5 20. Qb3 axb4 21. Qxb4 d5 22.
c5 Bc6 23. Bd6 bxc5 24. dxc5 Qf6 25. Nd4 Bxd6 26. cxd6 Rab8 27. Qd2 Ba8 28. Ra7
Nc5 29. Qa5 Ne4 30. Bf3 Nxd6 31. Ra1 Nc4 32. Qa6 Ne5 33. Be2 Nc4 34. Nb5 Bc6 35.
Nd4 Be8 36. Rb7 Nd2 37. Rxb8 Rxb8 38. Qa7 Rd8 39. Qc7 Ne4 40. Bf3 e5 41. Ne2 Ng5
42. Ng3 Nxf3+ 43. gxf3 e4 44. Ra6 Qh4 45. fxe4 dxe4 46. Rd6 Rxd6 47. Qxd6 Qxh3
48. Qe7 Qd7 49. Qxe4 Qc8 50. Qf4 Qc1+ 51. Kh2 Bc6 52. Qb8+ Kg7 53. Qe5+ Kf8 54.
Qb8+ Ke7 55. Qc7+ Ke6 56. Qc8+ Kd6 57. Qf8+ Ke6 58. Qc8+ Kd6 59. Qf8+ Ke6 60.
Qc8+ 1/2-1/2

[Event "Online Olym Div2 D 2021"]
[Site "chess.com INT"]
[Date "2021.09.03"]
[Round "4.1"]
[Board "3"]
[White "Elamri, Laila A."]
[Black "Nassr, Lina"]
[Result "1/2-1/2"]
[WhiteTitle "WFM"]
[BlackTitle "WIM"]
[WhiteElo "1901"]
[BlackElo "1970"]
[WhiteTeam "Morocco"]
[BlackTeam "Algeria"]
[WhiteFideId "9000704"]
[BlackFideId "7908075"]
[EventDate "2021.09.02"]
[EventType "team"]

1. e4 c5 2. Nc3 e6 3. g3 Nc6 4. Bg2 g6 5. d3 Bg7 6. Nge2 Nge7 7. O-O d6 8. Bd2
O-O 9. Qc1 Nd4 10. Nxd4 cxd4 11. Ne2 Qb6 12. Rb1 Bd7 13. Bh6 Rac8 14. Bxg7 Kxg7
15. Qd2 e5 16. Kh1 Be6 17. c4 dxc3 18. Nxc3 Nc6 19. f4 f6 20. f5 Bf7 21. fxg6
hxg6 22. Bh3 Rce8 23. a3 Rh8 24. Bg2 Be6 25. Ne2 Rh7 26. Ng1 Reh8 27. h3 Qd4 28.
Qf2 Qxf2 29. Rxf2 Rc8 30. Rc1 1/2-1/2

[Event "Online Olym Div2 D 2021"]
[Site "chess.com INT"]
[Date "2021.09.03"]
[Round "4.1"]
[Board "4"]
[White "Abdi, Zineb Dina"]
[Black "Mayar ElIdrissi, Firdaous"]
[Result "1-0"]
[WhiteTitle "WIM"]
[WhiteElo "1926"]
[BlackElo "1760"]
[WhiteTeam "Algeria"]
[BlackTeam "Morocco"]
[WhiteFideId "7900880"]
[BlackFideId "9001727"]
[EventDate "2021.09.02"]
[EventType "team"]

1. e4 c6 2. d4 d5 3. Nc3 dxe4 4. Nxe4 Bf5 5. Ng3 Bg6 6. Nf3 Nd7 7. h4 h6 8. h5
Bh7 9. Bd3 Bxd3 10. Qxd3 Ngf6 11. Bf4 e6 12. O-O-O Nd5 13. Bd2 Qc7 14. Kb1 O-O-O
15. c4 N5f6 16. Ne4 Nxe4 17. Qxe4 Nf6 18. Qe2 Bd6 19. g3 Rhe8 20. c5 Bf8 21. Bf4
Qe7 22. Qe5 Rd5 23. Qb8+ Kd7 24. Qc7# 1-0

[Event "Online Olym Div2 D 2021"]
[Site "chess.com INT"]
[Date "2021.09.03"]
[Round "4.1"]
[Board "6"]
[White "Nassr, Ryma"]
[Black "Makhlouf, Ahlam"]
[Result "1/2-1/2"]
[WhiteTitle "WCM"]
[BlackTitle "WFM"]
[WhiteElo "1509"]
[BlackElo "1419"]
[WhiteTeam "Algeria"]
[BlackTeam "Morocco"]
[WhiteFideId "7920296"]
[BlackFideId "9003380"]
[EventDate "2021.09.02"]
[EventType "team"]

1. d4 Nf6 2. Nc3 d5 3. Bf4 c6 4. e3 Bf5 5. Bd3 Bg6 6. Nf3 e6 7. O-O Bd6 8. Bg3
O-O 9. Ne5 Bc7 10. Ne2 Nbd7 11. c3 Nxe5 12. Bxe5 Bxe5 13. dxe5 Ng4 14. Bxg6 hxg6
15. Qd4 Qg5 16. f4 Qh4 17. h3 Nh6 18. Qd2 c5 19. b4 b6 20. bxc5 bxc5 21. Rab1
Rab8 22. Qd3 Nf5 23. e4 dxe4 24. Qxe4 Ne7 25. c4 Rfd8 26. Qe3 Rxb1 27. Rxb1 Qh5
28. Qxc5 Qxe2 29. Qxe7 Rd1+ 30. Rxd1 Qxd1+ 31. Kh2 Qd4 32. Qh4 Qxc4 33. Qd8+ Kh7
34. Qh4+ Kg8 35. Qd8+ Kh7 36. Qh4+ Kg8 1/2-1/2

[Event "Online Olym Div2 D 2021"]
[Site "chess.com INT"]
[Date "2021.09.03"]
[Round "4.2"]
[Board "1"]
[White "Cawdery, Daniel"]
[Black "Peralta, Fernando"]
[Result "1/2-1/2"]
[WhiteTitle "IM"]
[BlackTitle "GM"]
[WhiteElo "2419"]
[BlackElo "2570"]
[WhiteTeam "South Africa"]
[BlackTeam "Argentina"]
[WhiteFideId "14300249"]
[BlackFideId "105309"]
[EventDate "2021.09.02"]
[EventType "team"]

1. e4 c6 2. c4 d5 3. cxd5 cxd5 4. exd5 Nf6 5. Qa4+ Nbd7 6. Nc3 g6 7. Nf3 Bg7 8.
Bc4 O-O 9. d3 a6 10. Qa3 b6 11. O-O Bb7 12. Re1 b5 13. Bb3 Re8 14. Be3 Nb6 15.
Bxb6 Qxb6 16. Qb4 Qd6 17. Qxd6 exd6 18. a3 Kf8 19. Kf1 h6 20. d4 Rab8 21. Rac1
a5 22. Rxe8+ Nxe8 23. Nxb5 Bxd5 24. Bxd5 Rxb5 25. Bc6 Rxb2 26. Ba4 Nf6 27. Rc6
Ke7 28. Ra6 Ng4 29. Ra7+ Kf8 30. Ra8+ Ke7 31. Ra7+ Kf8 32. Ra8+ Ke7 33. Ra7+ 1/2-1/2

[Event "Online Olym Div2 D 2021"]
[Site "chess.com INT"]
[Date "2021.09.03"]
[Round "4.2"]
[Board "2"]
[White "Felgaer, Ruben"]
[Black "Verhoef, Jan-Meyer"]
[Result "1-0"]
[WhiteTitle "GM"]
[WhiteElo "2572"]
[BlackElo "1541"]
[WhiteTeam "Argentina"]
[BlackTeam "South Africa"]
[WhiteFideId "107069"]
[BlackFideId "14316439"]
[EventDate "2021.09.02"]
[EventType "team"]

1. e4 e5 2. Nf3 Nc6 3. Bc4 Nf6 4. d3 h6 5. O-O Be7 6. c3 O-O 7. Re1 d6 8. Bb3
Bg4 9. Nbd2 d5 10. h3 Bh5 11. Qe2 d4 12. Nf1 Bc5 13. Ng3 Bg6 14. Nh4 Kh7 15.
Nhf5 Ne7 16. cxd4 Bxd4 17. Nxd4 Qxd4 18. Be3 Qb4 19. Rec1 Qd6 20. Qc2 Rfc8 21.
Bc5 Qd8 22. Qc3 Nd7 23. Be3 c5 24. h4 h5 25. Qd2 a6 26. Qd1 Nf6 27. Bxc5 Rxc5
28. Rxc5 Qd6 29. Rac1 Nc6 30. R5c3 Nd4 31. Rc7 b5 32. Bxf7 Rf8 33. Bxg6+ Kxg6
34. Nf5 Nxf5 35. exf5+ Kh7 36. Qe2 Ng4 37. Qe4 Nf6 38. Qe3 Ng4 39. Qg5 Qf6 40.
Qxh5+ Nh6 41. Qg6+ Qxg6 42. fxg6+ Kxg6 43. R1c6+ Kh7 44. Rxa6 Ng4 45. f3 Ne3 46.
Raa7 Rg8 47. Rab7 1-0

[Event "Online Olym Div2 D 2021"]
[Site "chess.com INT"]
[Date "2021.09.03"]
[Round "4.2"]
[Board "3"]
[White "February, Jesse Nikki"]
[Black "Lujan, Carolina"]
[Result "0-1"]
[WhiteTitle "WIM"]
[BlackTitle "IM"]
[WhiteElo "1857"]
[BlackElo "2340"]
[WhiteTeam "South Africa"]
[BlackTeam "Argentina"]
[WhiteFideId "14312336"]
[BlackFideId "109878"]
[EventDate "2021.09.02"]
[EventType "team"]

1. e4 c5 2. Nf3 Nc6 3. d4 cxd4 4. Nxd4 Nf6 5. Nc3 e5 6. Ndb5 d6 7. Bg5 a6 8. Na3
b5 9. Bxf6 gxf6 10. Nd5 Bg7 11. g3 f5 12. exf5 Bxf5 13. Bg2 e4 14. Ne3 Bg6 15.
Qd5 Ne7 16. Qb3 d5 17. O-O O-O 18. c3 d4 19. cxd4 Qxd4 20. Rab1 Rac8 21. Nac2
Qd3 22. Rbd1 Qxb3 23. axb3 Bxb2 24. Rd7 Rfe8 25. Rfd1 Nc6 26. Nd5 Kg7 27. Nce3
Ne5 28. Ne7 Nxd7 29. Nxc8 Rxc8 30. Rxd7 Rc1+ 31. Rd1 a5 32. Kf1 Rc3 33. Rb1 Rxb3
34. Nd1 e3 35. Rxb2 Bd3+ 36. Ke1 exf2+ 37. Kxf2 Bc2 38. Rxb3 Bxb3 39. Nc3 b4 40.
Nb1 Bc2 41. Nd2 a4 42. Bd5 b3 43. Ke2 Kf6 44. Ke3 Ke7 45. Kd4 f6 46. Kc3 Kd6 47.
Bg8 h6 48. Kb2 Kc5 49. Ka3 Kd4 50. Nf3+ Ke3 51. Ne1 Kd2 52. Nf3+ Kc3 53. Ne1 b2
54. Ba2 b1=Q 55. Bxb1 Bxb1 56. Kxa4 Be4 57. h3 Kd2 58. h4 Kxe1 0-1

[Event "Online Olym Div2 D 2021"]
[Site "chess.com INT"]
[Date "2021.09.03"]
[Round "4.2"]
[Board "4"]
[White "Besso, Guadalupe"]
[Black "Laubscher, Anzel"]
[Result "1-0"]
[WhiteTitle "WIM"]
[BlackTitle "WIM"]
[WhiteElo "2111"]
[BlackElo "1699"]
[WhiteTeam "Argentina"]
[BlackTeam "South Africa"]
[WhiteFideId "123161"]
[BlackFideId "14300800"]
[EventDate "2021.09.02"]
[EventType "team"]

1. d4 d5 2. c4 c6 3. Nc3 Nf6 4. Nf3 Bf5 5. Bf4 e6 6. e3 Be7 7. Rc1 Nbd7 8. Bd3
Bxd3 9. Qxd3 O-O 10. O-O dxc4 11. Qxc4 Nh5 12. Bg3 Nxg3 13. hxg3 Bd6 14. Rfd1
Qe7 15. Ne4 Bc7 16. Qb3 Rab8 17. Nc5 Nxc5 18. dxc5 Rfd8 19. Rxd8+ Qxd8 20. Rd1
Qe7 21. Qa3 a5 22. Qc3 Rd8 23. Rxd8+ Qxd8 24. Qb3 b5 25. cxb6 Bxb6 26. Ne5 Qc7
27. Qc3 c5 28. b3 g6 29. f4 h5 30. Qd3 Kf8 31. Kf1 Ke7 32. Kf2 Qd8 33. Nc6+ 1-0

[Event "Online Olym Div2 D 2021"]
[Site "chess.com INT"]
[Date "2021.09.03"]
[Round "4.2"]
[Board "5"]
[White "Khumalo, Keith"]
[Black "Kapitanchuk, Tomas"]
[Result "1/2-1/2"]
[WhiteTitle "CM"]
[BlackTitle "FM"]
[WhiteElo "2108"]
[BlackElo "2346"]
[WhiteTeam "South Africa"]
[BlackTeam "Argentina"]
[WhiteFideId "14319470"]
[BlackFideId "135046"]
[EventDate "2021.09.02"]
[EventType "team"]

1. d4 Nf6 2. c4 e6 3. Nf3 Bb4+ 4. Bd2 c5 5. Bxb4 cxb4 6. a3 bxa3 7. Nxa3 O-O 8.
g3 b6 9. Bg2 Bb7 10. O-O a5 11. Qb3 Na6 12. Nb5 d5 13. Ne5 dxc4 14. Qxc4 Bxg2
15. Kxg2 Rc8 16. Qb3 Nb4 17. Rfc1 Qe7 18. f3 Rfd8 19. e3 Ne8 20. Nd3 Qd7 21. Na3
Nxd3 22. Qxd3 Nd6 23. g4 Qb7 24. Nb5 Ne8 25. Qb3 Nf6 26. h3 Nd5 27. Kf2 Qb8 28.
Kg2 Qb7 29. Na3 Nb4 30. Nc4 Qd5 31. Rc3 Rb8 32. Qd1 Qg5 33. Qe2 Nd5 34. Rb3 Rdc8
35. Nd6 Rc6 36. Ne4 Qg6 37. Nc3 Nb4 38. e4 Rd8 39. Rd1 Qf6 40. Qf2 h6 41. Rd2
Qe7 42. Qe2 Rcd6 43. Nb5 R6d7 44. Rc3 Qg5 45. b3 h5 46. Rc1 h4 47. Rcd1 Qf4 48.
Qf2 Qg5 49. Na3 f5 50. Nc4 fxe4 51. fxe4 Rf7 52. Qe3 Qb5 53. Rf2 Rxf2+ 54. Qxf2
Nc6 55. Qe3 a4 56. Na3 Qxb3 57. Qxb3 axb3 58. d5 exd5 59. exd5 Nb4 60. d6 Kf7
61. Rb1 Rxd6 62. Rxb3 Rd2+ 63. Kf3 Nd5 64. Nc4 Rh2 65. Ke4 Nf6+ 66. Kf5 g6+ 67.
Kg5 b5 68. Rxb5 Ne4+ 69. Kxh4 g5+ 70. Rxg5 Nxg5 71. Kxg5 Rxh3 72. Ne5+ Kg7 73.
Kf5 1/2-1/2

[Event "Online Olym Div2 D 2021"]
[Site "chess.com INT"]
[Date "2021.09.03"]
[Round "4.2"]
[Board "6"]
[White "Francisco Guecamburu, Candela Be"]
[Black "Marais, Nina"]
[Result "1-0"]
[WhiteTitle "WFM"]
[BlackTitle "WCM"]
[WhiteElo "2034"]
[BlackElo "1697"]
[WhiteTeam "Argentina"]
[BlackTeam "South Africa"]
[WhiteFideId "160911"]
[BlackFideId "14306883"]
[EventDate "2021.09.02"]
[EventType "team"]

1. e4 e6 2. d4 d5 3. Nc3 dxe4 4. Nxe4 Nd7 5. Nf3 Ngf6 6. Bg5 Be7 7. Bxf6 Nxf6 8.
Nxf6+ Bxf6 9. c3 O-O 10. Bd3 c5 11. Qc2 h6 12. dxc5 a5 13. h4 e5 14. O-O-O Qc7
15. Bf5 Bxf5 16. Qxf5 Qxc5 17. Nd2 Qc6 18. Ne4 Ra6 19. Rd6 Qxd6 20. Nxd6 Rxd6
21. Rd1 Rc6 22. Qe4 Rfc8 23. g3 b5 24. Kb1 Rc4 25. Qb7 b4 26. Rc1 e4 27. b3 R4c7
28. Qxe4 Bxc3 29. Qd5 Ra7 30. g4 Rca8 31. g5 h5 32. g6 Rf8 33. Rg1 Bf6 34. Qxh5
fxg6 35. Rxg6 Re7 36. Qd5+ Ref7 37. h5 Rd8 38. Qe6 Kf8 39. h6 Rfd7 40. Rxf6+
gxf6 41. Qxf6+ Kg8 42. Qg6+ Kh8 43. Qg5 Rd1+ 44. Kc2 R1d7 45. Qf6+ Kg8 46. Qg6+
Kh8 47. Qg5 Rc8+ 48. Kb2 Rdc7 49. Qf5 Kg8 50. f4 Rf8 51. Qg6+ Kh8 52. f5 Rcf7
53. f6 a4 54. bxa4 b3 55. axb3 Rh7 56. Qg7+ Rxg7 57. hxg7+ Kg8 58. gxf8=Q+ Kxf8
59. b4 Kf7 60. Kc3 Kxf6 61. Kc4 Ke6 62. Kc5 Kd7 63. Kb6 Kc8 64. Ka7 1-0

[Event "Online Olym Div2 D 2021"]
[Site "chess.com INT"]
[Date "2021.09.03"]
[Round "4.3"]
[Board "1"]
[White "Fier, Alexandr"]
[Black "Ibarra Chami, Luis Fernando"]
[Result "1-0"]
[WhiteTitle "GM"]
[BlackTitle "GM"]
[WhiteElo "2564"]
[BlackElo "2451"]
[WhiteTeam "Brazil"]
[BlackTeam "Mexico"]
[WhiteFideId "2107139"]
[BlackFideId "5105048"]
[EventDate "2021.09.02"]
[EventType "team"]

1. e4 c5 2. Nf3 d6 3. d4 cxd4 4. Nxd4 Nf6 5. Nc3 Nc6 6. f3 e6 7. Be3 Be7 8. Qd2
O-O 9. g4 a6 10. O-O-O Nd7 11. h4 Nde5 12. Nxc6 bxc6 13. Qg2 Qa5 14. f4 Rb8 15.
fxe5 dxe5 16. Rd3 c5 17. Bd2 c4 18. Rf3 Qb4 19. b3 cxb3 20. axb3 Bd7 21. Kb1 Qb7
22. g5 a5 23. g6 fxg6 24. Rxf8+ Bxf8 25. Bc4 a4 26. h5 Qc8 27. Qf1 axb3 28. cxb3
g5 29. h6 Bb4 30. hxg7 1-0

[Event "Online Olym Div2 D 2021"]
[Site "chess.com INT"]
[Date "2021.09.03"]
[Round "4.3"]
[Board "2"]
[White "Garcia Guerrero, Isaac Antonio"]
[Black "Diamant, Andre"]
[Result "0-1"]
[WhiteTitle "FM"]
[BlackTitle "GM"]
[WhiteElo "2368"]
[BlackElo "2542"]
[WhiteTeam "Mexico"]
[BlackTeam "Brazil"]
[WhiteFideId "5110475"]
[BlackFideId "2108356"]
[EventDate "2021.09.02"]
[EventType "team"]

1. d4 Nf6 2. Bg5 d5 3. Bxf6 exf6 4. e3 c5 5. c3 Nc6 6. Nd2 cxd4 7. cxd4 Bd6 8.
g3 O-O 9. Bg2 Re8 10. Ne2 Bg4 11. Bf3 Bh3 12. a3 Qd7 13. Qb3 Ne7 14. Nc3 Qf5 15.
Nxd5 Nc6 16. O-O-O Rec8 17. Nc3 b5 18. Qd5 b4 19. Qxf5 Bxf5 20. axb4 Nxb4 21.
Ne4 Bf8 22. Kd2 Rab8 23. Ra1 Nc6 24. Rhb1 Re8 25. Ra6 Rec8 26. h4 h6 27. Ra2 a5
28. Rc1 Be6 29. d5 Rd8 30. Rd1 f5 31. Kc1 fxe4 32. Bxe4 Nb4 33. Rxa5 Bd7 34. Rd4
Rdc8 35. Kb1 g6 36. Rd2 Rxc3 37. bxc3 Nc6+ 0-1